[Event "Poznan Chess Festival"]
[Site "chess24.com"]
[Date "2021.08.20"]
[Round "7"]
[White "Zarzycki, Lukasz"]
[Black "Klapec, Adam"]
[Result "1-0"]
[Board "40"]
[WhiteElo "1494"]
[WhiteCountry "POL"]
[WhiteFideId "21843511"]
[WhiteEloChange "3"]
[BlackElo "1159"]
[BlackCountry "POL"]
[BlackFideId "21881162"]
[BlackEloChange "-3"]

1. c4 {[%clk 1:30:30]} e5 {[%clk 1:30:30]} 2. g3 {[%clk 1:30:30]} Nc6 {[%clk
1:30:30]} 3. Bg2 {[%clk 1:30:30]} g6 {[%clk 1:30:30]} 4. b3 {[%clk 1:30:30]} Bg7
{[%clk 1:30:30]} 5. Bb2 {[%clk 1:30:30]} d6 {[%clk 1:30:30]} 6. e3 {[%clk
1:30:30]} f5 {[%clk 1:30:30]} 7. Ne2 {[%clk 1:30:30]} Nf6 {[%clk 1:30:30]} 8. d4
{[%clk 1:30:30]} O-O {[%clk 1:30:30]} 9. O-O {[%clk 1:30:30]} e4 {[%clk 1:30:30]}
10. Nbc3 {[%clk 1:30:30]} a6 {[%clk 1:30:30]} 11. a3 {[%clk 1:30:30]} Ne7 {[%clk
1:30:30]} 12. Qc2 {[%clk 1:30:30]} c6 {[%clk 1:30:30]} 13. b4 {[%clk 1:30:30]} h6
{[%clk 1:30:30]} 14. c5 {[%clk 1:30:30]} Be6 {[%clk 1:30:30]} 15. Na4 {[%clk
1:30:30]} Ned5 {[%clk 1:30:30]} 16. Rfb1 {[%clk 1:30:30]} Rc8 {[%clk 1:30:30]}
17. Bc1 {[%clk 1:30:30]} Qe7 {[%clk 1:30:30]} 18. Nac3 {[%clk 1:30:30]} g5 {[%clk
1:30:30]} 19. a4 {[%clk 1:30:30]} Qd7 {[%clk 1:30:30]} 20. Qd1 {[%clk 1:30:30]}
Bf7 {[%clk 1:30:30]} 21. Bd2 {[%clk 1:30:30]} Bh5 {[%clk 1:30:30]} 22. Qe1 {[%clk
1:30:30]} Bf3 {[%clk 1:30:30]} 23. cxd6 {[%clk 1:30:30]} Qxd6 {[%clk 1:30:30]}
24. b5 {[%clk 1:30:30]} Nb4 {[%clk 1:30:30]} 25. Nxe4 {[%clk 1:30:30]} fxe4
{[%clk 1:30:30]} 26. Bxb4 {[%clk 1:30:30]} Qe6 {[%clk 1:30:30]} 27. Bxf8 {[%clk
1:30:30]} Bxf8 {[%clk 1:30:30]} 28. d5 {[%clk 1:30:30]} cxd5 {[%clk 1:30:30]} 29.
Nd4 {[%clk 1:30:30]} Qg4 {[%clk 1:30:30]} 30. Qf1 {[%clk 1:30:30]} Qh5 {[%clk
1:30:30]} 31. Rc1 {[%clk 1:30:30]} Rxc1 {[%clk 1:30:30]} 32. Rxc1 {[%clk
1:30:30]} Ng4 {[%clk 1:30:30]} 33. h3 {[%clk 1:30:30]} Nf6 {[%clk 1:30:30]} 34.
bxa6 {[%clk 1:30:30]} bxa6 {[%clk 1:30:30]} 35. Qxa6 {[%clk 1:30:30]} Qe8 {[%clk
1:30:30]} 36. Qxf6 {[%clk 1:30:30]} Bg7 {[%clk 1:30:30]} 37. Qe6+ {[%clk
1:30:30]} Qxe6 {[%clk 1:30:30]} 38. Nxe6 {[%clk 1:30:30]} 1-0

[Event "Poznan Chess Festival"]
[Site "chess24.com"]
[Date "2021.08.20"]
[Round "7"]
[White "Czyzewski, Olgierd"]
[Black "Zarzycki, Piotr"]
[Result "1-0"]
[Board "41"]
[WhiteElo "1104"]
[WhiteCountry "POL"]
[WhiteFideId "21899690"]
[WhiteEloChange "17"]
[BlackElo "1410"]
[BlackCountry "POL"]
[BlackFideId "21843520"]
[BlackEloChange "-17"]

1. c4 {[%clk 1:30:30]} e5 {[%clk 1:30:30]} 2. g3 {[%clk 1:30:30]} c6 {[%clk
1:30:30]} 3. d4 {[%clk 1:30:30]} exd4 {[%clk 1:30:30]} 4. Qxd4 {[%clk 1:30:30]}
Qf6 {[%clk 1:30:30]} 5. Nf3 {[%clk 1:30:30]} Qxd4 {[%clk 1:30:30]} 6. Nxd4 {[%clk
1:30:30]} Bc5 {[%clk 1:30:30]} 7. Nb3 {[%clk 1:30:30]} Bb6 {[%clk 1:30:30]} 8.
Bf4 {[%clk 1:30:30]} Nf6 {[%clk 1:30:30]} 9. c5 {[%clk 1:30:30]} Bd8 {[%clk
1:30:30]} 10. Nc3 {[%clk 1:30:30]} Na6 {[%clk 1:30:30]} 11. Bg2 {[%clk 1:30:30]}
b6 {[%clk 1:30:30]} 12. cxb6 {[%clk 1:30:30]} axb6 {[%clk 1:30:30]} 13. e4 {[%clk
1:30:30]} O-O {[%clk 1:30:30]} 14. Bd6 {[%clk 1:30:30]} Re8 {[%clk 1:30:30]} 15.
e5 {[%clk 1:30:30]} Ng4 {[%clk 1:30:30]} 16. O-O {[%clk 1:30:30]} Be7 {[%clk
1:30:30]} 17. Rfe1 {[%clk 1:30:30]} Bxd6 {[%clk 1:30:30]} 18. exd6 {[%clk
1:30:30]} Nf6 {[%clk 1:30:30]} 19. Re7 {[%clk 1:30:30]} Rxe7 {[%clk 1:30:30]} 20.
dxe7 {[%clk 1:30:30]} Ne8 {[%clk 1:30:30]} 21. Nd4 {[%clk 1:30:30]} Ra7 {[%clk
1:30:30]} 22. Bh3 {[%clk 1:30:30]} Nac7 {[%clk 1:30:30]} 23. Nxc6 {[%clk
1:30:30]} dxc6 {[%clk 1:30:30]} 24. Bxc8 {[%clk 1:30:30]} Ne6 {[%clk 1:30:30]}
25. Rd1 {[%clk 1:30:30]} Rxe7 {[%clk 1:30:30]} 26. Rd7 {[%clk 1:30:30]} Kf8
{[%clk 1:30:30]} 27. Rxe7 {[%clk 1:30:30]} Kxe7 {[%clk 1:30:30]} 28. Bb7 {[%clk
1:30:30]} Kd7 {[%clk 1:30:30]} 29. Ba6 {[%clk 1:30:30]} b5 {[%clk 1:30:30]} 30.
a4 {[%clk 1:30:30]} bxa4 {[%clk 1:30:30]} 31. Nxa4 {[%clk 1:30:30]} N8c7 {[%clk
1:30:30]} 32. Bf1 {[%clk 1:30:30]} Kd6 {[%clk 1:30:30]} 33. f4 {[%clk 1:30:30]}
Nc5 {[%clk 1:30:30]} 34. Nc3 {[%clk 1:30:30]} Nd5 {[%clk 1:30:30]} 35. Kg2 {[%clk
1:30:30]} Ne3+ {[%clk 1:30:30]} 36. Kf2 {[%clk 1:30:30]} Nd1+ {[%clk 1:30:30]}
37. Nxd1 {[%clk 1:30:30]} Kd5 {[%clk 1:30:30]} 38. Bg2+ {[%clk 1:30:30]} Kd6
{[%clk 1:30:30]} 39. Ke3 {[%clk 1:30:30]} Nb3 {[%clk 1:30:30]} 40. Nc3 {[%clk
1:30:30]} c5 {[%clk 1:30:30]} 41. Ne4+ {[%clk 1:30:30]} Ke6 {[%clk 1:30:30]} 42.
Ng5+ {[%clk 1:30:30]} 1-0

[Event "Poznan Chess Festival"]
[Site "chess24.com"]
[Date "2021.08.20"]
[Round "7"]
[White "Borkowski, Pawel"]
[Black "Pieczewska, Gabriela"]
[Result "0-1"]
[Board "45"]
[WhiteElo "1141"]
[WhiteCountry "POL"]
[WhiteFideId "21007306"]
[WhiteEloChange "-9"]
[BlackElo "1169"]
[BlackCountry "POL"]
[BlackFideId "1195158"]
[BlackEloChange "9"]

1. e4 {[%clk 1:30:30]} e6 {[%clk 1:30:30]} 2. d4 {[%clk 1:30:30]} d5 {[%clk
1:30:30]} 3. e5 {[%clk 1:30:30]} c5 {[%clk 1:30:30]} 4. c3 {[%clk 1:30:30]} Nc6
{[%clk 1:30:30]} 5. Nf3 {[%clk 1:30:30]} Bd7 {[%clk 1:30:30]} 6. Be2 {[%clk
1:30:30]} Nh6 {[%clk 1:30:30]} 7. Bd3 {[%clk 1:30:30]} Qb6 {[%clk 1:30:30]} 8.
dxc5 {[%clk 1:30:30]} Bxc5 {[%clk 1:30:30]} 9. O-O {[%clk 1:30:30]} Ng4 {[%clk
1:30:30]} 10. Nd4 {[%clk 1:30:30]} Bxd4 {[%clk 1:30:30]} 11. Qxg4 {[%clk
1:30:30]} Bxe5 {[%clk 1:30:30]} 12. Kh1 {[%clk 1:30:30]} Bf6 {[%clk 1:30:30]} 13.
Qh5 {[%clk 1:30:30]} h6 {[%clk 1:30:30]} 14. g4 {[%clk 1:30:30]} O-O-O {[%clk
1:30:30]} 15. Qxf7 {[%clk 1:30:30]} Ne5 {[%clk 1:30:30]} 16. Qh5 {[%clk 1:30:30]}
Nxd3 {[%clk 1:30:30]} 17. Be3 {[%clk 1:30:30]} d4 {[%clk 1:30:30]} 18. cxd4
{[%clk 1:30:30]} Bxd4 {[%clk 1:30:30]} 19. Qg6 {[%clk 1:30:30]} Bxe3 {[%clk
1:30:30]} 20. f3 {[%clk 1:30:30]} Ne5 {[%clk 1:30:30]} 21. Qe4 {[%clk 1:30:30]}
Qd4 {[%clk 1:30:30]} 22. Qc2+ {[%clk 1:30:30]} Bc6 {[%clk 1:30:30]} 23. Na3
{[%clk 1:30:30]} Qxg4 {[%clk 1:30:30]} 24. Qxc6+ {[%clk 1:30:30]} bxc6 {[%clk
1:30:30]} 25. fxg4 {[%clk 1:30:30]} Nxg4 {[%clk 1:30:30]} 26. Rf3 {[%clk
1:30:30]} Rd2 {[%clk 1:30:30]} 27. Nc4 {[%clk 1:30:30]} Rxh2# {[%clk 1:30:30]}
0-1

[Event "Poznan Chess Festival"]
[Site "chess24.com"]
[Date "2021.08.20"]
[Round "7"]
[White "Maciejski, Pawel"]
[Black "Nowak, Bartlomiej"]
[Result "1-0"]
[Board "46"]
[WhiteElo "1438"]
[WhiteCountry "POL"]
[WhiteFideId "21802890"]
[WhiteEloChange "2"]
[BlackElo "1063"]
[BlackCountry "POL"]
[BlackFideId "21093148"]
[BlackEloChange "-2"]

1. e4 {[%clk 1:30:30]} c6 {[%clk 1:30:30]} 2. d4 {[%clk 1:30:30]} d5 {[%clk
1:30:30]} 3. e5 {[%clk 1:30:30]} g6 {[%clk 1:30:30]} 4. Bd3 {[%clk 1:30:30]} Bg7
{[%clk 1:30:30]} 5. Ne2 {[%clk 1:30:30]} e6 {[%clk 1:30:30]} 6. Be3 {[%clk
1:30:30]} Ne7 {[%clk 1:30:30]} 7. O-O {[%clk 1:30:30]} Nd7 {[%clk 1:30:30]} 8. c3
{[%clk 1:30:30]} O-O {[%clk 1:30:30]} 9. Ng3 {[%clk 1:30:30]} Qc7 {[%clk
1:30:30]} 10. Na3 {[%clk 1:30:30]} a6 {[%clk 1:30:30]} 11. Rc1 {[%clk 1:30:30]}
b5 {[%clk 1:30:30]} 12. Nc2 {[%clk 1:30:30]} c5 {[%clk 1:30:30]} 13. Qd2 {[%clk
1:30:30]} c4 {[%clk 1:30:30]} 14. Be2 {[%clk 1:30:30]} Re8 {[%clk 1:30:30]} 15.
Bh6 {[%clk 1:30:30]} Bh8 {[%clk 1:30:30]} 16. h4 {[%clk 1:30:30]} Nf8 {[%clk
1:30:30]} 17. h5 {[%clk 1:30:30]} a5 {[%clk 1:30:30]} 18. Ne3 {[%clk 1:30:30]}
Bg7 {[%clk 1:30:30]} 19. Ng4 {[%clk 1:30:30]} Nf5 {[%clk 1:30:30]} 20. Nxf5
{[%clk 1:30:30]} exf5 {[%clk 1:30:30]} 21. Nf6+ {[%clk 1:30:30]} Bxf6 {[%clk
1:30:30]} 22. exf6 {[%clk 1:30:30]} Qd6 {[%clk 1:30:30]} 23. Bg7 {[%clk 1:30:30]}
Nd7 {[%clk 1:30:30]} 24. hxg6 {[%clk 1:30:30]} fxg6 {[%clk 1:30:30]} 25. Bf3
{[%clk 1:30:30]} Bb7 {[%clk 1:30:30]} 26. Qg5 {[%clk 1:30:30]} Re6 {[%clk
1:30:30]} 27. Rfe1 {[%clk 1:30:30]} Rae8 {[%clk 1:30:30]} 28. Kf1 {[%clk
1:30:30]} Kf7 {[%clk 1:30:30]} 29. Qh6 {[%clk 1:30:30]} Nxf6 {[%clk 1:30:30]} 30.
Bxf6 {[%clk 1:30:30]} Kxf6 {[%clk 1:30:30]} 31. Qxh7 {[%clk 1:30:30]} Rxe1+
{[%clk 1:30:30]} 32. Rxe1 {[%clk 1:30:30]} Rxe1+ {[%clk 1:30:30]} 33. Kxe1 {[%clk
1:30:30]} Qe7+ {[%clk 1:30:30]} 34. Qxe7+ {[%clk 1:30:30]} Kxe7 {[%clk 1:30:30]}
35. Kd2 {[%clk 1:30:30]} Kf6 {[%clk 1:30:30]} 36. Ke3 {[%clk 1:30:30]} Kg5 {[%clk
1:30:30]} 37. g3 {[%clk 1:30:30]} b4 {[%clk 1:30:30]} 38. Bd1 {[%clk 1:30:30]}
Bc6 {[%clk 1:30:30]} 39. f4+ {[%clk 1:30:30]} Kf6 {[%clk 1:30:30]} 40. a3 {[%clk
1:30:30]} bxa3 {[%clk 1:30:30]} 41. bxa3 {[%clk 1:30:30]} g5 {[%clk 1:30:30]} 42.
Bc2 {[%clk 1:30:30]} Bd7 {[%clk 1:30:30]} 43. Bd1 {[%clk 1:30:30]} Kg6 {[%clk
1:30:30]} 44. Bf3 {[%clk 1:30:30]} gxf4+ {[%clk 1:30:30]} 45. Kxf4 {[%clk
1:30:30]} Be6 {[%clk 1:30:30]} 46. Ke5 {[%clk 1:30:30]} Bc8 {[%clk 1:30:30]} 47.
Bxd5 {[%clk 1:30:30]} Kg5 {[%clk 1:30:30]} 48. Bxc4 {[%clk 1:30:30]} Kg4 {[%clk
1:30:30]} 49. Be6 {[%clk 1:30:30]} Bb7 {[%clk 1:30:30]} 50. Bxf5+ {[%clk
1:30:30]} Kxg3 {[%clk 1:30:30]} 1-0

[Event "Poznan Chess Festival"]
[Site "chess24.com"]
[Date "2021.08.20"]
[Round "7"]
[White "Cholewa, Jan"]
[Black "Lakowski, Krzysztof"]
[Result "1-0"]
[Board "47"]
[WhiteElo "1250"]
[WhiteCountry "POL"]
[WhiteFideId "21023956"]
[WhiteEloChange "8"]
[BlackElo "1186"]
[BlackCountry "POL"]
[BlackFideId "21826439"]
[BlackEloChange "-8"]

1. e4 {[%clk 1:30:30]} e5 {[%clk 1:30:30]} 2. Nf3 {[%clk 1:30:30]} Nc6 {[%clk
1:30:30]} 3. d4 {[%clk 1:30:30]} exd4 {[%clk 1:30:30]} 4. Bc4 {[%clk 1:30:30]} h6
{[%clk 1:30:30]} 5. O-O {[%clk 1:30:30]} Bc5 {[%clk 1:30:30]} 6. c3 {[%clk
1:30:30]} d6 {[%clk 1:30:30]} 7. cxd4 {[%clk 1:30:30]} Bb6 {[%clk 1:30:30]} 8. h3
{[%clk 1:30:30]} Nge7 {[%clk 1:30:30]} 9. Be3 {[%clk 1:30:30]} O-O {[%clk
1:30:30]} 10. Qd2 {[%clk 1:30:30]} d5 {[%clk 1:30:30]} 11. Bxd5 {[%clk 1:30:30]}
Nxd5 {[%clk 1:30:30]} 12. exd5 {[%clk 1:30:30]} Qxd5 {[%clk 1:30:30]} 13. Nc3
{[%clk 1:30:30]} Qf5 {[%clk 1:30:30]} 14. d5 {[%clk 1:30:30]} Ne5 {[%clk
1:30:30]} 15. Bxb6 {[%clk 1:30:30]} Nxf3+ {[%clk 1:30:30]} 16. gxf3 {[%clk
1:30:30]} Qxf3 {[%clk 1:30:30]} 17. Qe3 {[%clk 1:30:30]} Qxe3 {[%clk 1:30:30]}
18. Bxe3 {[%clk 1:30:30]} Bxh3 {[%clk 1:30:30]} 19. Rfc1 {[%clk 1:30:30]} Rfd8
{[%clk 1:30:30]} 20. Nb5 {[%clk 1:30:30]} b6 {[%clk 1:30:30]} 21. Kh2 {[%clk
1:30:30]} Bf5 {[%clk 1:30:30]} 22. Nxc7 {[%clk 1:30:30]} Rac8 {[%clk 1:30:30]}
23. Bf4 {[%clk 1:30:30]} Be4 {[%clk 1:30:30]} 24. d6 {[%clk 1:30:30]} Bf5 {[%clk
1:30:30]} 25. Nd5 {[%clk 1:30:30]} g5 {[%clk 1:30:30]} 26. Ne7+ {[%clk 1:30:30]}
1-0

[Event "Poznan Chess Festival"]
[Site "chess24.com"]
[Date "2021.08.20"]
[Round "7"]
[White "Miedziak, Mikolaj"]
[Black "Nowak, Samuel"]
[Result "1/2-1/2"]
[Board "51"]
[WhiteElo "1181"]
[WhiteCountry "POL"]
[WhiteFideId "21070580"]
[WhiteEloChange "-4"]
[BlackElo "1054"]
[BlackCountry "POL"]
[BlackFideId "21097909"]
[BlackEloChange "4"]

1. e4 {[%clk 1:30:30]} c6 {[%clk 1:30:30]} 2. d4 {[%clk 1:30:30]} d5 {[%clk
1:30:30]} 3. Nc3 {[%clk 1:30:30]} dxe4 {[%clk 1:30:30]} 4. Nxe4 {[%clk 1:30:30]}
Bf5 {[%clk 1:30:30]} 5. Ng3 {[%clk 1:30:30]} Bg6 {[%clk 1:30:30]} 6. Nf3 {[%clk
1:30:30]} Nd7 {[%clk 1:30:30]} 7. h4 {[%clk 1:30:30]} h6 {[%clk 1:30:30]} 8. h5
{[%clk 1:30:30]} Bh7 {[%clk 1:30:30]} 9. Bd3 {[%clk 1:30:30]} Bxd3 {[%clk
1:30:30]} 10. Qxd3 {[%clk 1:30:30]} e6 {[%clk 1:30:30]} 11. Bd2 {[%clk 1:30:30]}
Ngf6 {[%clk 1:30:30]} 12. O-O-O {[%clk 1:30:30]} Be7 {[%clk 1:30:30]} 13. Kb1
{[%clk 1:30:30]} b5 {[%clk 1:30:30]} 14. Ne4 {[%clk 1:30:30]} Nxe4 {[%clk
1:30:30]} 15. Qxe4 {[%clk 1:30:30]} Qc7 {[%clk 1:30:30]} 16. Bf4 {[%clk 1:30:30]}
Nf6 {[%clk 1:30:30]} 17. Qe3 {[%clk 1:30:30]} Bd6 {[%clk 1:30:30]} 18. Bxd6
{[%clk 1:30:30]} Qxd6 {[%clk 1:30:30]} 19. Qe5 {[%clk 1:30:30]} Qxe5 {[%clk
1:30:30]} 20. Nxe5 {[%clk 1:30:30]} Rc8 {[%clk 1:30:30]} 21. f3 {[%clk 1:30:30]}
Ke7 {[%clk 1:30:30]} 22. Rd3 {[%clk 1:30:30]} Nd5 {[%clk 1:30:30]} 23. Ra3 {[%clk
1:30:30]} Rc7 {[%clk 1:30:30]} 24. c4 {[%clk 1:30:30]} bxc4 {[%clk 1:30:30]} 25.
Rxa7 {[%clk 1:30:30]} Rxa7 {[%clk 1:30:30]} 26. Nxc6+ {[%clk 1:30:30]} Kf6 {[%clk
1:30:30]} 27. Nxa7 {[%clk 1:30:30]} Nf4 {[%clk 1:30:30]} 28. g4 {[%clk 1:30:30]}
Ne2 {[%clk 1:30:30]} 29. Rd1 {[%clk 1:30:30]} Rd8 {[%clk 1:30:30]} 30. Nb5 {[%clk
1:30:30]} Rd5 {[%clk 1:30:30]} 31. Nc3 {[%clk 1:30:30]} Rxd4 {[%clk 1:30:30]} 32.
Rxd4 {[%clk 1:30:30]} Nxd4 {[%clk 1:30:30]} 33. f4 {[%clk 1:30:30]} g6 {[%clk
1:30:30]} 34. hxg6 {[%clk 1:30:30]} fxg6 {[%clk 1:30:30]} 35. a4 {[%clk 1:30:30]}
h5 {[%clk 1:30:30]} 36. Ne4+ {[%clk 1:30:30]} 1/2-1/2

[Event "Poznan Chess Festival"]
[Site "chess24.com"]
[Date "2021.08.21"]
[Round "8"]
[White "Poltorak, Sebastian"]
[Black "Niekras, Dawid"]
[Result "1/2-1/2"]
[Board "1"]
[WhiteElo "2205"]
[WhiteCountry "POL"]
[WhiteFideId "1199498"]
[WhiteEloChange "2"]
[BlackElo "2289"]
[BlackTitle "FM"]
[BlackCountry "POL"]
[BlackFideId "1160451"]
[BlackEloChange "-2"]

1. d4 {[%clk 1:30:45]} Nf6 {[%clk 1:30:52]} 2. c4 {[%clk 1:31:11]} g6 {[%clk
1:31:17]} 3. Nc3 {[%clk 1:31:38]} Bg7 {[%clk 1:31:42]} 4. e4 {[%clk 1:32:04]} d6
{[%clk 1:32:08]} 5. f3 {[%clk 1:32:30]} O-O {[%clk 1:32:33]} 6. Nge2 {[%clk
1:32:56]} c5 {[%clk 1:32:49]} 7. d5 {[%clk 1:33:17]} e6 {[%clk 1:33:11]} 8. Ng3
{[%clk 1:33:42]} exd5 {[%clk 1:33:32]} 9. cxd5 {[%clk 1:34:07]} h5 {[%clk
1:28:44]} 10. Bg5 {[%clk 1:34:28]} Qb6 {[%clk 1:29:09]} 11. Qd2 {[%clk 1:34:37]}
Nh7 {[%clk 1:29:29]} 12. Bh4 {[%clk 1:35:03]} Nd7 {[%clk 1:26:27]} 13. Be2 {[%clk
1:33:50]} Re8 {[%clk 1:22:08]} 14. Nf1 {[%clk 1:32:35]} a6 {[%clk 1:21:47]} 15.
Ne3 {[%clk 1:27:49]} Bh6 {[%clk 1:21:16]} 16. Bf2 {[%clk 1:22:57]} Qb4 {[%clk
0:49:37]} 17. O-O {[%clk 1:06:53]} Qd4 {[%clk 0:46:28]} 18. Rfd1 {[%clk 1:00:49]}
Qxd2 {[%clk 0:40:18]} 19. Rxd2 {[%clk 1:00:59]} f5 {[%clk 0:40:24]} 20. a4 {[%clk
0:44:27]} Ndf6 {[%clk 0:27:06]} 21. Bd3 {[%clk 0:43:11]} fxe4 {[%clk 0:25:31]}
22. Nxe4 {[%clk 0:41:25]} Nxe4 {[%clk 0:25:31]} 23. fxe4 {[%clk 0:41:19]} Nf6
{[%clk 0:18:25]} 24. Re2 {[%clk 0:40:55]} Bxe3 {[%clk 0:11:10]} 25. Bxe3 {[%clk
0:41:10]} Bg4 {[%clk 0:11:13]} 26. Ree1 {[%clk 0:41:15]} Nxe4 {[%clk 0:10:26]}
27. h3 {[%clk 0:39:06]} Bf5 {[%clk 0:10:00]} 28. Bf4 {[%clk 0:39:30]} Ng3 {[%clk
0:06:36]} 29. Bxd6 {[%clk 0:32:58]} Bxd3 {[%clk 0:05:34]} 30. Bxg3 {[%clk
0:33:20]} Kf7 {[%clk 0:04:31]} 31. Bh4 {[%clk 0:33:15]} Rxe1+ {[%clk 0:03:40]}
32. Rxe1 {[%clk 0:33:40]} Re8 {[%clk 0:04:03]} 33. Rd1 {[%clk 0:30:41]} Re4
{[%clk 0:02:25]} 34. Bf2 {[%clk 0:27:52]} c4 {[%clk 0:02:37]} 35. Re1 {[%clk
0:27:47]} Rxe1+ {[%clk 0:02:51]} 36. Bxe1 {[%clk 0:28:13]} Be4 {[%clk 0:02:53]}
37. d6 {[%clk 0:27:39]} Ke6 {[%clk 0:03:17]} 38. Bb4 {[%clk 0:27:57]} Bc6 {[%clk
0:03:30]} 39. Kf2 {[%clk 0:28:20]} Bxa4 {[%clk 0:03:51]} 40. Ke3 {[%clk 0:27:26]}
b6 {[%clk 0:03:00]} 41. Kd4 {[%clk 0:23:55]} Bb5 {[%clk 0:02:58]} 42. h4 {[%clk
0:23:01]} a5 {[%clk 0:03:12]} 43. Ba3 {[%clk 0:23:25]} Ba6 {[%clk 0:03:03]} 44.
g3 {[%clk 0:23:49]} b5 {[%clk 0:01:08]} 45. Bc5 {[%clk 0:24:13]} b4 {[%clk
0:01:33]} 46. Ke4 {[%clk 0:24:09]} c3 {[%clk 0:01:23]} 47. bxc3 {[%clk 0:24:25]}
bxc3 {[%clk 0:01:48]} 48. Ba3 {[%clk 0:24:39]} c2 {[%clk 0:01:00]} 49. Kd4 {[%clk
0:25:05]} Be2 {[%clk 0:01:04]} 50. Kc3 {[%clk 0:25:26]} Bd1 {[%clk 0:01:17]} 51.
Kd2 {[%clk 0:25:38]} a4 {[%clk 0:01:42]} 52. Kc1 {[%clk 0:26:00]} Kd7 {[%clk
0:02:04]} 1/2-1/2

[Event "Poznan Chess Festival"]
[Site "chess24.com"]
[Date "2021.08.21"]
[Round "8"]
[White "Piotrowski, Pawel"]
[Black "Chojnacki, Krzysztof"]
[Result "1/2-1/2"]
[Board "2"]
[WhiteElo "2067"]
[WhiteCountry "POL"]
[WhiteFideId "1184415"]
[WhiteEloChange "7"]
[BlackElo "2381"]
[BlackTitle "IM"]
[BlackCountry "POL"]
[BlackFideId "1114115"]
[BlackEloChange "-7"]

1. d4 {[%clk 1:30:58]} Nf6 {[%clk 1:26:31]} 2. c4 {[%clk 1:30:30]} g6 {[%clk
1:26:01]} 3. g3 {[%clk 1:30:54]} Bg7 {[%clk 1:26:28]} 4. Bg2 {[%clk 1:31:19]} O-O
{[%clk 1:26:50]} 5. Nc3 {[%clk 1:29:41]} d6 {[%clk 1:27:07]} 6. Nf3 {[%clk
1:29:50]} Nc6 {[%clk 1:27:21]} 7. d5 {[%clk 1:29:55]} Na5 {[%clk 1:24:03]} 8. Nd2
{[%clk 1:30:17]} c5 {[%clk 1:16:33]} 9. Qc2 {[%clk 1:28:48]} Bd7 {[%clk 1:15:23]}
10. O-O {[%clk 1:28:28]} a6 {[%clk 1:13:34]} 11. b3 {[%clk 1:28:46]} b5 {[%clk
1:12:31]} 12. Bb2 {[%clk 1:28:59]} Rb8 {[%clk 1:12:26]} 13. Nd1 {[%clk 1:23:00]}
e5 {[%clk 1:08:46]} 14. dxe6 {[%clk 1:17:02]} fxe6 {[%clk 1:06:55]} 15. Ne3
{[%clk 1:14:54]} Nc6 {[%clk 1:05:17]} 16. Nf3 {[%clk 1:13:59]} Qe7 {[%clk
1:00:24]} 17. Rad1 {[%clk 1:09:07]} e5 {[%clk 0:51:58]} 18. Qd2 {[%clk 1:01:13]}
Nd4 {[%clk 0:50:42]} 19. Ng5 {[%clk 0:59:45]} Kh8 {[%clk 0:43:19]} 20. Ne4 {[%clk
0:56:09]} Nxe4 {[%clk 0:38:38]} 21. Bxe4 {[%clk 0:56:35]} Bh3 {[%clk 0:38:24]}
22. Bg2 {[%clk 0:49:17]} Bxg2 {[%clk 0:37:53]} 23. Nxg2 {[%clk 0:46:52]} bxc4
{[%clk 0:32:51]} 24. bxc4 {[%clk 0:47:11]} Qe6 {[%clk 0:32:15]} 25. Ne3 {[%clk
0:44:33]} Bh6 {[%clk 0:30:36]} 26. f4 {[%clk 0:44:14]} exf4 {[%clk 0:26:02]} 27.
Bxd4+ {[%clk 0:40:07]} cxd4 {[%clk 0:26:10]} 28. Nd5 {[%clk 0:39:51]} Bg7 {[%clk
0:24:30]} 29. gxf4 {[%clk 0:36:58]} Rbc8 {[%clk 0:22:15]} 30. Qd3 {[%clk
0:35:05]} Qg4+ {[%clk 0:22:14]} 31. Kh1 {[%clk 0:35:17]} Rfe8 {[%clk 0:22:18]}
32. Rf2 {[%clk 0:35:21]} Rf8 {[%clk 0:17:35]} 33. Rg1 {[%clk 0:35:15]} Qd7 {[%clk
0:16:29]} 34. Rf3 {[%clk 0:30:38]} Rc5 {[%clk 0:15:17]} 35. Rg5 {[%clk 0:29:50]}
Rf5 {[%clk 0:12:07]} 36. Rxf5 {[%clk 0:30:15]} Qxf5 {[%clk 0:12:32]} 37. Qxf5
{[%clk 0:30:35]} gxf5 {[%clk 0:12:59]} 38. Rb3 {[%clk 0:31:00]} h6 {[%clk
0:10:28]} 39. Rb4 {[%clk 0:30:57]} a5 {[%clk 0:10:40]} 40. Ra4 {[%clk 0:27:57]}
Kh7 {[%clk 0:10:26]} 41. Kg2 {[%clk 0:27:25]} Kg6 {[%clk 0:10:50]} 42. Kf2 {[%clk
0:25:25]} Kh5 {[%clk 0:10:57]} 43. Ra3 {[%clk 0:25:46]} Kg6 {[%clk 0:08:35]} 44.
Ra4 {[%clk 0:22:23]} Bf6 {[%clk 0:07:01]} 45. Nxf6 {[%clk 0:18:11]} Kxf6 {[%clk
0:07:28]} 46. Ke1 {[%clk 0:18:37]} Kg6 {[%clk 0:06:32]} 47. Kd2 {[%clk 0:19:03]}
Kh5 {[%clk 0:06:52]} 48. Kd3 {[%clk 0:19:31]} Kg4 {[%clk 0:07:04]} 49. Kxd4
{[%clk 0:19:51]} Kxf4 {[%clk 0:07:30]} 50. Ra3 {[%clk 0:20:01]} Re5 {[%clk
0:07:13]} 51. Rf3+ {[%clk 0:19:34]} Kg5 {[%clk 0:07:29]} 52. Rg3+ {[%clk
0:19:35]} Kf6 {[%clk 0:07:55]} 53. e3 {[%clk 0:19:53]} Kf7 {[%clk 0:07:27]} 54.
a4 {[%clk 0:18:50]} Rc5 {[%clk 0:07:49]} 55. Rg2 {[%clk 0:15:03]} Re5 {[%clk
0:08:10]} 56. Rb2 {[%clk 0:15:24]} Ke6 {[%clk 0:08:30]} 57. Rb5 {[%clk 0:13:38]}
Re4+ {[%clk 0:08:56]} 58. Kd3 {[%clk 0:14:06]} Rh4 {[%clk 0:09:08]} 59. Rxa5
{[%clk 0:13:28]} Rxh2 {[%clk 0:09:36]} 60. Ra8 {[%clk 0:10:06]} 1/2-1/2